|
|
|
|
| LEADER |
01674nam a2200325 a 4500 |
| 001 |
GR-Patra25104 |
| 008 |
080410s2007 gr g 000 0 eng d |
| 020 |
|
|
|a 0131856030
|
| 040 |
|
|
|a GrPaTEI
|b gre
|c GR-PaULI
|
| 040 |
|
|
|a GrPaTEI
|b gre
|c GR-PaULI
|
| 082 |
|
0 |
|a 006.76
|2 22
|
| 100 |
1 |
|
|a Jackson, Jeffrey C.
|
| 245 |
1 |
0 |
|a Web technologies :
|b a computer science perspective /
|c Jeffrey C. Jackson.
|
| 260 |
|
|
|a New Jersey :
|b Pearson,
|c c2007
|
| 300 |
|
|
|a xvi, 574 σ. :
|b εικ.
|
| 504 |
|
|
|a Includes bibliography: [p. 551-555] and index
|
| 610 |
2 |
4 |
|a Παράρτημα Αμαλιάδος.
|b Τμήμα Εφαρμογών Πληροφορικής στη Διοίκηση και την Οικονομία
|
| 650 |
|
0 |
|a Internet programming
|
| 650 |
|
4 |
|a Διαδίκτυο
|x Προγραμματισμός
|
| 650 |
|
4 |
|a Παγκόσμιος ιστός πληροφοριών
|
| 650 |
|
4 |
|a Υπηρεσίες web
|
| 650 |
1 |
0 |
|a Web Services
|
| 650 |
1 |
0 |
|a World wide web
|
| 710 |
0 |
|
|a Pearson
|
| 942 |
|
|
|2 ddc
|
| 952 |
|
|
|0 0
|1 0
|2 ddc
|4 0
|6 006_760000000000000_JAC
|7 0
|9 306552
|a LISK
|b LISK
|c BSC
|d 2021-01-17
|e 24
|f 0
|g 0.00
|l 0
|o 006.76 JAC
|p 92410038851
|r 2021-01-17 00:00:00
|t 1
|w 2021-01-17
|y BK15
|x 20080410 0 1
|x GrPaTEI
|
| 952 |
|
|
|0 0
|1 0
|2 ddc
|4 0
|6 006_760000000000000_JAC
|7 0
|9 306553
|a LISK
|b LISK
|c BSC
|d 2021-01-17
|e 24
|f 0
|g 0.00
|l 0
|o 006.76 JAC
|p 92410038852
|r 2021-01-17 00:00:00
|t 1
|w 2021-01-17
|y BK15
|x 20080410 0 1
|x GrPaTEI
|
| 952 |
|
|
|0 0
|1 0
|2 ddc
|4 0
|6 006_760000000000000_JAC
|7 1
|9 306556
|a LISK
|b LISK
|c BSC
|d 2021-01-17
|e 24
|f 0
|g 0.00
|l 0
|o 006.76 JAC
|p 92410038854
|r 2021-01-17 00:00:00
|t 1
|w 2021-01-17
|y BKN
|x 20080410 0 0
|x GrPaTEI
|
| 971 |
|
|
|a .b26726762
|b 15-04-20
|c 26-09-16
|
| 999 |
|
|
|c 177125
|d 177125
|